| 000 | 00534cam a22002171 4500 | ||
|---|---|---|---|
| 001 | sa 66000855 | ||
| 003 | DLC | ||
| 005 | 20260227112217.0 | ||
| 008 | 890622s1965 pk b 000 0 urdr | ||
| 010 | _asa 66000855 | ||
| 035 | _a(OCoLC)19914456 | ||
| 040 |
_aDLC _cWaU _dDLC |
||
| 042 | _apremarc | ||
| 050 | 0 | 0 |
_aPK1971 _b.A65 |
| 100 | 1 |
_aʻAbdullāh, Sayyid, _d1906-1986. |
|
| 245 | 1 | 0 | _aMabāḥis̲. |
| 260 | _c[1965] | ||
| 300 |
_a11, 606 p. _c22 cm. |
||
| 500 | _aBibliographical footnotes. | ||
| 650 | 0 | _aUrdu philology. | |
| 999 |
_c67454 _d67454 |
||